Tribhuvan University Central Library

म्वहनी नख : (Record no. 120488)

MARC details
000 -LEADER
fixed length control field 00689nam a22001817a 4500
005 - DATE AND TIME OF LATEST TRANSACTION
control field 20250527123948.0
008 - FIXED-LENGTH DATA ELEMENTS--GENERAL INFORMATION
fixed length control field 250223b |||||||| |||| 00| 0 eng d
020 ## - INTERNATIONAL STANDARD BOOK NUMBER
International Standard Book Number 9789937926706
082 ## - DEWEY DECIMAL CLASSIFICATION NUMBER
Edition number 23rd.
Classification number Ne895.49
Item number M347m
100 1# - MAIN ENTRY--PERSONAL NAME
Personal name महर्जन, नाति 'पाक"
241 ## - ROMANIZED TITLE (BK AM CF MP MU VM)
Romanized title Mwahani nakha : bakhanmye / Nati Maharjan 'Paka'.
245 ## - TITLE STATEMENT
Title म्वहनी नख :
Remainder of title बखंम्ये /
Statement of responsibility, etc. नाति महर्जन.
260 ## - PUBLICATION, DISTRIBUTION, ETC.
Place of publication, distribution, etc. भक्तपुर :
Name of publisher, distributor, etc. कृतः पिकाक,
Date of publication, distribution, etc. २०७५वि.
300 ## - PHYSICAL DESCRIPTION
Extent 102p.
650 ## - SUBJECT ADDED ENTRY--TOPICAL TERM
Topical term or geographic name entry element नेपारी साहित्य
650 ## - SUBJECT ADDED ENTRY--TOPICAL TERM
Topical term or geographic name entry element नेवारी कविता
942 ## - ADDED ENTRY ELEMENTS (KOHA)
Source of classification or shelving scheme Dewey Decimal Classification
Koha item type ISBN
Holdings
Withdrawn status Lost status Source of classification or shelving scheme Damaged status Not for loan Home library Current library Date acquired Total Checkouts Full call number Barcode Date last seen Price effective from Koha item type
    Dewey Decimal Classification     Tribhuvan University Central Library Tribhuvan University Central Library 02/23/2025   Ne895.49 M347m IS14759 02/23/2025 02/23/2025 ISBN
    Dewey Decimal Classification     Tribhuvan University Central Library Tribhuvan University Central Library 04/24/2025   Ne895.49 M347m IS14760 04/24/2025 04/24/2025 ISBN